00335nam a2200109Ia 4500008004100000041000800041100001900049245008400068260003100152300000800183700003400191250110s9999 xx 000 0 und d aeng aKadu Aishwarya aLandscape Planning Proposal For Gondekhal Village And Its Surrounding Watershed bBNCA M Arch LA, Punec2020 a74p aGuide Name:Sahasrabudhe Swati